000 002580000a22000970004500
100 1 _aPorras, Aristómeno
245 1 0 _aLa obra bíblica en Costa Rica
300 _aVol. 54, Núm 241 (1999), Páginas 13-16
773 0 _tLa Biblia de las Américas
942 _cANA
999 _c51529
_d51529